|
|
|
|
| LEADER |
00000ny a22000003n 4500 |
| 005 |
20110610150028.0 |
| 008 |
070222s2007 sp 000 0 spa d |
| 020 |
|
|
|a 9788497729284
|
| 035 |
|
|
|a 1733
|
| 040 |
|
|
|a BUS
|d vLex
|
| 080 |
|
|
|a 342.727(460)
|
| 080 |
|
|
|a 342.731(460)
|
| 090 |
|
|
|c 642
|d 642
|
| 100 |
1 |
|
|a Minteguia Arregui, Igor
|
| 245 |
1 |
0 |
|a Sentimientos religiosos, moral pb︢lica y libertad arts̕tica en la Constitucin̤ espaǫla de 1978
|h [Recurso electrn̤ico]
|c Igor Minteguia Arregui
|
| 256 |
|
|
|a Servicio en ln̕ea
|
| 260 |
|
|
|a Madrid :
|b Dykinson,
|c 2007
|
| 300 |
|
|
|a p. ;
|c cm
|
| 506 |
1 |
|
|a Contenido solo disponible en los productos indicados
|d vLex Global
|d vLex Global (Academic Edition, excluding Law Schools)
|d vLex Global (U.S. Academic Edition, Law Schools)
|d vLex Global (U.S. Academic Edition, excluding Law Schools)
|d vLex Global (Academic Edition, Law Schools)
|
| 650 |
0 |
7 |
|a Constitucional
|2 Tesauro vLex
|
| 650 |
0 |
7 |
|a Libertad de conciencia
|2 Tesauro vLex
|
| 650 |
0 |
7 |
|a Derechos fundamentales
|2 Tesauro vLex
|
| 650 |
0 |
7 |
|a Libertad ideolg̤ica
|2 Tesauro vLex
|
| 650 |
0 |
7 |
|a religiosa y de culto
|2 Tesauro vLex
|
| 650 |
0 |
7 |
|a Libertad de expresin̤
|2 Tesauro vLex
|
| 740 |
0 |
|
|a vLex Libros (Servicios en ln̕ea)
|
| 856 |
4 |
0 |
|u http://vlex.com/source/1733
|z Acceso restringido
|
| 942 |
|
|
|c BOOK
|
| 999 |
0 |
|
|a Freedom of speech
|b Madrid
|